Kondiční trénink ve sportovních hrách na příkladu fotbalu, ledního hokeje a basketbalu /

Enregistré dans:
Détails bibliographiques
Auteurs principaux: Jebavý Radim (Auteur), Hojka Vladimír (Auteur)
Format: Livre
Langue:tchèque
Publié: Praha Grada 2017
Édition:1. vyd.
Tags: Ajouter un tag
Pas de tags, Soyez le premier à ajouter un tag!

MARC

LEADER 00000nam a22000003a 4500
001 0068309
003 SK-STU
005 20181106132853.9
007 ta
008 181106s ----xo-----e------000-0-----d
020 |a 978-80-247-4072-0 
040 |a STU  |b slo 
041 0 |a cze 
100 1 |a Jebavý Radim  |4 aut 
245 1 0 |a Kondiční trénink ve sportovních hrách na příkladu fotbalu, ledního hokeje a basketbalu /  |c aut. Jebavý Radim, Hojka Vladimír 
250 |a 1. vyd. 
260 |a Praha  |b Grada  |c 2017 
300 |a 192 s. 
700 1 |a Hojka Vladimír  |4 aut 
996 |b 284J045644  |c J* 118441  |l JJSK  |s A  |a 24  |w 0068309_0001